000 00763nam a22002175u 4500
001 52094
003 BD-RjUL
005 20211209075743.0
008 160905s1962 fr 100 0 fre d
035 _a(BD-RjUL)52214
040 _aUkOxU
_beng
_cUkOxU
_dBD-RjUL
041 _aeng
082 _223
_a004
_bAFD 1962
110 1 _aAFCALTI, Paris.
_bCongrès.
_n(2nd :
_d1961 :
_cParis)
_9155793
245 1 0 _aDeuxième congrès de l'association française de calcul et de traitement, de l'information, AFCALTI, Paris, 18-19-20 octobre 1961 /
_cAFCALTI
260 _aParis :
_bGauthier-Villars,
_c1962.
300 _a524 p. :
_bfig.
_c25 cm.
650 _aComputers
_xCongresses.
_9154277
650 _aElectronic data processing
_xCongresses.
_9155794
942 _2ddc
_cBK
999 _c52094
_d52094